Сборник заданий по высшей математике: типовые расчеты: учебное пособие

Dettagli Bibliografici
Autore principale: Кузнецов Л. А. Леонид Антонович
Riassunto:Пособие содержит индивидуальные задания для студентов технических вузов по курсу высшей математики (по 31 варианту в каждой задаче) и предназначено для обеспечения самостоятельной работы по освоению курса. Каждое задание содержит теоретические вопросы, теоретические упражнения и расчетную часть. Книга содержит раздел, посвященный уравнениям математической физики.
Lingua:russo
Pubblicazione: СПб., Лань, 2005
Edizione:7-е изд., стер.
Serie:Учебники для вузов. Специальная литература
Soggetti:
Natura: MixedMaterials Libro
KOHA link:https://koha.lib.tpu.ru/cgi-bin/koha/opac-detail.pl?biblionumber=100864

MARC

LEADER 00000nam0a2200000 4500
001 100864
005 20231031112309.0
010 |a 581140574X 
035 |a (RuTPU)RU\TPU\book\108552 
090 |a 100864 
100 |a 20060828d2005 km y0rusy50 ca 
101 0 |a rus 
102 |a RU 
105 |a a j 000zy 
200 1 |a Сборник заданий по высшей математике: типовые расчеты  |e учебное пособие  |f Л. А. Кузнецов 
205 |a 7-е изд., стер. 
210 |a СПб.  |c Лань  |d 2005 
215 |a 240 с.  |c ил. 
225 1 |a Учебники для вузов. Специальная литература 
330 |a Пособие содержит индивидуальные задания для студентов технических вузов по курсу высшей математики (по 31 варианту в каждой задаче) и предназначено для обеспечения самостоятельной работы по освоению курса. Каждое задание содержит теоретические вопросы, теоретические упражнения и расчетную часть. Книга содержит раздел, посвященный уравнениям математической физики. 
451 1 |0 (RuTPU)RU\TPU\book\114017  |y 5-8114-0574-X  |t Сборник заданий по высшей математике: типовые расчеты  |o учебное пособие  |f Л. А. Кузнецов  |e 8-е изд., стер.  |c СПб.  |n Лань  |d 2006  |p 240 с.  |a Кузнецов, Леонид Анатольевич 
451 1 |0 (RuTPU)RU\TPU\book\33448  |y 5060026663  |t Сборник заданий по высшей математике:Типовые расчеты  |o учебное пособие  |f Л. А. Кузнецов  |c М.  |n Высшая школа  |d 1994  |p 204 с.  |s Учебник для вузов. Специальная литература  |a Кузнецов, Леонид Антонович 
610 1 |a высшая математика 
610 1 |a задания 
610 1 |a пределы 
610 1 |a дифференцирование 
610 1 |a графики 
610 1 |a интегралы 
610 1 |a дифференциальные уравнения 
610 1 |a ряды 
610 1 |a кратные интегралы 
610 1 |a векторный анализ 
610 1 |a аналитическая геометрия 
610 1 |a линейная алгебра 
610 1 |a математическая физика 
610 1 |a уравнения 
610 1 |a учебные пособия 
675 |a 51(076)  |v 3 
700 1 |a Кузнецов  |b Л. А.  |g Леонид Антонович 
801 1 |a RU  |b 63413507  |c 20060828  |g PSBO 
801 2 |a RU  |b 63413507  |c 20210531  |g PSBO 
942 |c BK